Historia de mujeres / (Registro nro. 15587)

Detalles MARC
000 -LEADER
fixed length control field 01117nam a22002777a 4500
003 - CONTROL NUMBER IDENTIFIER
control field OSt
005 - DATE AND TIME OF LATEST TRANSACTION
control field 20250820152621.0
008 - FIXED-LENGTH DATA ELEMENTS--GENERAL INFORMATION
fixed length control field 210914b2009 ck ||||er|||| 00| 0 spa d
020 ## - INTERNATIONAL STANDARD BOOK NUMBER
International Standard Book Number 9789588471310
040 ## - CATALOGING SOURCE
Original cataloging agency CO-JMCR
Transcribing agency CO-JMCR
041 0# - LANGUAGE CODE
Language code of text/sound track or separate title spa
082 04 - DEWEY DECIMAL CLASSIFICATION NUMBER
Classification number A-C
Item number VALh
Edition number 23
100 1# - MAIN ENTRY--PERSONAL NAME
Personal name Valenzuela, Luisa,
Relator term autor
9 (RLIN) 40343
245 10 - TITLE STATEMENT
Title Historia de mujeres /
Statement of responsibility, etc. Luisa Valenzuela, Margo Glantz, Marina Colasanti [y otros 2]
250 ## - EDITION STATEMENT
Edition statement Primera edición
260 ## - PUBLICATION, DISTRIBUTION, ETC.
Place of publication, distribution, etc. Bogotá :
Name of publisher, distributor, etc. Alcaldía Mayor de Bogotá : Secretaría Distrital de Cultura, Recreación y Deporte,
Date of publication, distribution, etc. 2009
300 ## - PHYSICAL DESCRIPTION
Extent 77 páginas ;
Dimensions 17 cm.
490 0# - SERIES STATEMENT
Series statement Libro al viento ;
Volume/sequential designation 62
505 0# - FORMATTED CONTENTS NOTE
Title Tango /
Statement of responsibility Luisa Valenzuela
Title Palabras para una fábula /
Statement of responsibility Margo Glantz
Title Una voz entre los arbustos /
Statement of responsibility Marina Colasanti
Title Jam Sessión /
Statement of responsibility Gabriela Alemán
Title El encuentro /
Statement of responsibility Marvel Moreno
650 14 - SUBJECT ADDED ENTRY--TOPICAL TERM
Topical term or geographic name entry element Cuentos
Form subdivision Colecciones
9 (RLIN) 40344
650 24 - SUBJECT ADDED ENTRY--TOPICAL TERM
Topical term or geographic name entry element Mujeres en la literatura
9 (RLIN) 6298
650 24 - SUBJECT ADDED ENTRY--TOPICAL TERM
Topical term or geographic name entry element Imaginación en la literatura
9 (RLIN) 40345
700 1# - ADDED ENTRY--PERSONAL NAME
Personal name Glantz, Margo,
Relator term autor
9 (RLIN) 40346
700 1# - ADDED ENTRY--PERSONAL NAME
Personal name Colasanti, Marina,
Relator term autora
9 (RLIN) 40347
942 ## - ADDED ENTRY ELEMENTS (KOHA)
Source of classification or shelving scheme Dewey Decimal Classification
Koha item type Books
Existencias
Withdrawn status Lost status Source of classification or shelving scheme Damaged status Not for loan Collection code Home library Current library Date acquired Source of acquisition Total Checkouts Full call number Barcode Date last seen Copy number Price effective from Koha item type
    Dewey Decimal Classification     Fiction Biblioteca Pública José María del Castillo y Rada Biblioteca Pública José María del Castillo y Rada 08/04/2021 Donación   A-C VALh 201811086 09/14/2021 Ej.1 09/14/2021 Books